| 000 | 01416ngm a2200265 a 4500 | ||
|---|---|---|---|
| 005 | 20220317001839.0 | ||
| 008 | 170410s2014 c g 000 0 s | ||
| 041 | _aspa | ||
| 082 | 0 | 4 |
_a525 _bD37c1 |
| 110 | 2 |
_aDiscovery Communications _977876 |
|
| 245 | 1 | 0 |
_aColisiones cósmicas _bla tierra, parte 2 = Cosmic collisions _bearth, part 2 / _cDiscovery Communications _hvideodisco digital |
| 250 | _a1a. edición | ||
| 300 |
_a1 DVD (26 minutos) _bsonido, color _c12 cm |
||
| 490 | _aDiscovery en la escuela | ||
| 520 | _aLos impactos de asteroides han dejado profundas cicatrices en todo el rostro de nuestro planeta Tierra y son responsables de una de las mayores extinciones en la historia. Los científicos creen que no es una cuestión de si se va a producir de nuevo, sino cuándo... definitivamente es cuestión de tiempo. Colisiones cósmicas: la Tierra, abarca todo lo que hay que saber acerca de los choques de meteoritos con nuestro Plantea y cómo los científicos se están preparando para enfrentar un suceso como este | ||
| 650 | 1 | 4 |
_2LEMB _aAstronomía _vVideodiscos |
| 650 | 1 | 4 |
_2LEMB _aTierra (planeta) _vVideodiscos |
| 650 | 1 | 4 |
_2LEMB _aColisiones espaciales _vVideodiscos |
| 942 |
_2ddc _cDVD |
||
| 264 |
_aBogotá _bMS Tv & Videos _c2014 |
||
| 336 |
_atexto _btxt _2rdacontent |
||
| 337 |
_asin mediación _bn _2rdamedia |
||
| 338 |
_avolumen _bnc _2rdacarrier |
||
| 040 |
_aCO-BoRNBP _bspa _erda _cCO-BoRNBP |
||
| 999 |
_c8293 _d8293 |
||